Why mediation is a bad idea and other myths (Record no. 76735)

MARC details
000 -LEADER
fixed length control field 01106cab a2200169 4500
001 - CONTROL NUMBER
control field ##L132987
008 - FIXED-LENGTH DATA ELEMENTS--GENERAL INFORMATION
fixed length control field 060330n2006 000 0 eng u
035 ## - SYSTEM CONTROL NUMBER
System control number (Sirsi) u132987
041 0# - LANGUAGE CODE
Language code of text/sound track or separate title eng
100 1# - MAIN ENTRY--PERSONAL NAME
Personal name Semple, David
245 00 - TITLE STATEMENT
Title Why mediation is a bad idea and other myths
260 ## - PUBLICATION, DISTRIBUTION, ETC.
Date of publication, distribution, etc. 2006
490 #0 - SERIES STATEMENT
Series statement Journal of the Law Society of Scotland
Volume/sequential designation 51(1) January 2006, 24-25(2)
520 ## - SUMMARY, ETC.
Summary, etc. This article attempts to dispels some popular misconceptions relating to mediation. The misconceptions examined are that mediation is suitable for every dispute, that lawyers don't like mediation because they think their fee will be smaller, that mediation will work at any time, that only compulsory mediation works, that mediation settlements ignore the law, that mediation meetings become shouting matches, that mediation is only useful in straightforward cases, and that mediation deprives the client of his day in court.
690 ## - LOCAL SUBJECT ADDED ENTRY--TOPICAL TERM (OCLC, RLIN)
Topical term or geographic name as entry element MANAGEMENT-DISPUTE AVOIDANCE, MANAGEMENT AND RESOLUTION-DISPUTE MANAGEMENT AND RESOLUTION-ALTERNATIVE DISPUTE RESOLUTION-ASSISTED NEGOTIATION-MEDIATION
942 ## - ADDED ENTRY ELEMENTS (KOHA)
Suppress in OPAC 0
Holdings
Withdrawn status Lost status Source of classification or shelving scheme Damaged status Not for loan Home library Current library Shelving location Date acquired Total Checkouts Full call number Barcode Date last seen Copy number Price effective from Koha item type
    Dewey Decimal Classification     London London Journal article 30/03/2006   L132987 132987-1001 06/08/2019 1 06/08/2019 Journal article